000 00808nam a2200229Ia 4500
001 12672
003 GE_BSU
008 181216s||||||||xx |||||||||||||| ||und||
040 _cGE_BSU
080 _a631.4
100 _aГельцер,Ф.Ю.
245 _aЗначение микроорганизмов в образовании перегноя и прочности структуры почвы
245 _cРед.П.Кавун
260 _aМосква
260 _bСельхозгиз
260 _c1940
300 _a119стр.22см.
300 _cуказатель лит-ры с.112
300 _eТаблицы
653 _aЗначение микроорганизмов в образовании перегноя и прочности структуры почвы
942 _cBK
999 _c45843
_d45843